خطب الشيخ محمد الغزالي : في شئون الدين والحياة

Bibliographic Details
Main Authors: غزالي، محمد (Author), قطب، قطب عبد الحميد (Author)
Format: Book
Published: Qahirah : Dar al-I`tisam , 1989
Subjects:

MARC

LEADER 00000cam a2200000 7i4500
001 0000041313
005 20160112093000.0
008 021119s1989
090 0 0 |a BP88   |b .G42 1989 
100 0 |a غزالي، محمد ,   |e author 
245 1 0 |a خطب الشيخ محمد الغزالي :   |b في شئون الدين والحياة   |c اعداد قطب عبد الحميد قطب   |f مراجعة محمد عاشور 
260 2 |a Qahirah :   |b Dar al-I`tisam ,   |c 1989 
300 |a 247 p . ;   |c 24 cm. 
600 0 0 |a Ghazali, Muhammad ,   |d 1917-1996 
650 0 |a Islamic sermons 
700 0 |a قطب، قطب عبد الحميد ,   |e author 
745 0 0 |a Khitab al-Shaykh Muhammad al-Ghazali: fi shu'un al-din wa al-hayah 
999 |a 1000074374   |b Book   |c OPEN SHELF (30 DAYS)   |e Gong Badak Campus